000 00300nam a22001337a 4500
008 170622b xxu||||| |||| 00| 0 eng d
020 _a9780872893382
041 _aeng
080 _25TH
_a324
100 _a21
101 _aSHP
245 _aCONGRESSIONAL ELECTIONS
_cHERRNSON,P,S
942 _2udc
_cBK
999 _c18762
_d18762